American city name puzzle - Statistics

General Stats
  • This quiz has been taken 230 times
  • The average score is 11 of 24
Answer Stats
Hint Answer % Correct
Jack son
91%
San Jose
76%
Cleve land
68%
Hous ton
67%
St. Louis
65%
Sa cramento
63%
Louis ville
63%
Tucs on
61%
Indian apolis
60%
Bo ston
59%
Wich ita
58%
Santa Clar a
56%
Glen dale
52%
Wichita Falls
47%
Au burn
42%
Greens boro
40%
Ben tonville
39%
N ampa
38%
Port smouth
27%
Sioux City
24%
T ulsa
19%
Minne tonka
13%
Bos sier City
12%
Scotts bluff
5%
No matching quizzes found
Score Distribution
Percent of People with Each Score
Percentile by Number Answered
Your Score History
You have not taken this quiz